000 01314nam a2200313 i 4500
001 106817
003 ES-MaACL
005 20250904073104.0
007 t|
008 061229s1962 sp ||||1| spa d
080 _a72(460)(083.824)
245 0 0 _aArquitectura española en el extranjero
_b: [exposición, Sala del Prado del Ateneo de Madrid, del 3 al 18 de abril de 1962] /
_c[textos: José de Castro Arines, Adolfo González Amézqueta y Bernardo Ynzenga].
260 _aMadrid :
_bEditora Nacional,
_c1962.
300 _a[54] p. :
_bprincipalmente il. n. ;
_c18 cm.
490 1 _aCuadernos de arte. Colección extraordinaria ;
_v10
610 2 7 _aAteneo de Madrid-
_vExposiciones-
_y1960-1969.
_91920
650 4 _aArquitectura española-
_yS.XX-
_vExposiciones.
_910024
655 7 _2tgfbne
_9193628
_aCatálogos de exposiciones
700 1 _aCastro Arines, José de,
_d1913-1997
_936907
700 1 _aGonzález Amézqueta, Adolfo.
_958422
700 1 _aYnzenga, Bernardo.
_9117652
710 2 _aAteneo de Madrid.
_bSala del Prado.
_91965
830 0 _aCuadernos de arte. Colección extraordinaria ;
_v10
_9185320
852 _aES-MaACL
_j2212-F-10
_9110890
_bR.138518
_cDEPOF
852 _aES-MaACL
_j2255-F-17;
852 _aES-MaACL
_j2255-F-16.
942 _2udc
_cFOLLETOS
999 _c106817
_d106817